[Event "Oberliga Nord O 0506"]
[Site "Germany"]
[Date "2006.04.02"]
[Round "9.3"]
[White "Teschke, Olaf"]
[Black "Haessler, Wolfgang"]
[Result "1-0"]
[WhiteElo "2236"]
[BlackElo "2278"]
[PlyCount "63"]
[EventDate "2005.10.23"]
[EventType "team-tourn"]
[EventRounds "9"]
[EventCountry "GER"]
[SourceTitle "EXT 2007"]
[Source "ChessBase"]
[SourceDate "2006.11.23"]
[SourceVersion "1"]
[SourceVersionDate "2006.11.23"]
[SourceQuality "1"]
[WhiteTeam "Koenig Tegel II"]
[BlackTeam "Friesen Lichtenberg"]
[WhiteTeamCountry "GER"]
[BlackTeamCountry "GER"]

1. e4 b6 2. d4 Bb7 3. Bd3 Nf6 4. Qe2 Nc6 5. c3 e5 6. d5 Ne7 7. Nf3 Ng6 8. h4 h5 9. Bg5 Be7 10. Bxf6 Bxf6 11. g3 c6 12. dxc6 Bxc6 13. Bb5 Rc8 14. Na3 Ne7 15. Nc4 Qc7 16. Bxc6 dxc6 17. 0-0-0 Kf8 18. Ng5 g6 19. Qf3 Kg7 20. Nd6 Rcf8 21. Rd2 Bxg5 22. hxg5 f6 23. Ne8+ Rxe8 24. Qxf6+ Kg8 25. Qe6+ Kf8 26. Rd7 Qc8 27. Qf6+ Kg8 28. Rxe7 Rxe7 29. Qxe7 Rh7 30. Qxe5 Rf7 31. f4 Qg4 32. Rd1 1-0